Belgium, Prime Ministers of - Statistics

General Stats
  • This quiz has been taken 69 times
  • The average score is 19 of 72
Answer Stats
Term Party Prime Minister % Correct
2020-Incumbent Open Flemish Liberals and Democrats Alexander De Croo
97%
2014-2019 Reformist Movement Charles Michel
88%
2019-2020 Reformist Movement Sophie Wilmès
85%
2011-2014 Socialist Party Elio Di Rupo
82%
1992-1999 Christian People's Party Jean-Luc Dehaene
79%
1999-2007 Flemish Liberals and Democrats Guy Verhofstadt
74%
2007-2008 Open Flemish Liberals and Democrats Guy Verhofstadt
74%
2008 Christian Democratic and Flemish Yves Leterme
71%
2009-2011 Christian Democratic and Flemish Yves Leterme
71%
2008-2009 Christian Democratic and Flemish Herman Van Rompuy
59%
1979-1981 Christian People's Party Wilfried Martens
59%
1981-1992 Christian People's Party Wilfried Martens
59%
1949-1950 Christian Social Party Gaston Eyskens
53%
1958-1961 Christian Social Party Gaston Eyskens
53%
1968-1973 Christian People's Party Gaston Eyskens
53%
1981 Christian People's Party Mark Eyskens
53%
1974-1978 Christian People's Party Leo Tindemans
41%
1938-1939 Belgian Labour Party Paul-Henri Spaak
41%
1946 Belgian Labour Party Paul-Henri Spaak
41%
1947-1949 Belgian Labour Party Paul-Henri Spaak
41%
1945-1946 Belgian Socialist Party Achille Van Acker
38%
1946 Belgian Labour Party Achille Van Acker
38%
1964-1958 Belgian Socialist Party Achille Van Acker
38%
1966-1968 Christian Social Party Paul Vanden Boeynants
29%
1978-1979 Christian Social Party Paul Vanden Boeynants
29%
1935-1937 Catholic Party Paul van Zeeland
24%
1868-1870 Liberal Party Walthère Frère-Orban
24%
1878-1884 Catholic Party Walthère Frère-Orban
24%
1847-1852 Liberal Party Charles Rogier
21%
1857-1868 Liberal Party Charles Rogier
21%
1852-1855 Liberal Party Henri de Brouckère
21%
1946-1847 Belgian Labour Party Camille Huysmans
18%
1973-1974 Belgian Socialist Party Edmond Leburton
18%
1831-1832 Independent Félix de Muelenaere
15%
1939-1945 Catholic Party Hubert Pierlot
15%
1937-1938 Liberal Party Paul-Émile Janson
15%
1834-1840 Independent Barthélémy de Theux de Meylandt
12%
1846-1847 Independent Barthélémy de Theux de Meylandt
12%
1871-1874 Liberal Party Barthélémy de Theux de Meylandt
12%
1841-1845 Independent Jean-Baptiste Nothomb
12%
1831 Independent Joseph Lebeau
12%
1840-1841 Independent Joseph Lebeau
12%
1907 Catholic Party Jules de Trooz
12%
1832-1834 Independent Albert Joseph Goblet d'Alviella
9%
1925 Catholic Party Aloys Van de Vyvere
9%
1911-1918 Catholic Party Charles de Broqueville
9%
1932-1934 Catholic Party Charles de Broqueville
9%
1831 Independent Étienne Constantin de Gerlache
9%
1920-1921 Catholic Party Henry Carton de Wiart
9%
1950 Christian Social Party Jean Duvieusart
9%
1899 Catholic Party Jules Vandenpeereboom
9%
1918-1920 Catholic Party Léon Delacroix
9%
1896-1899 Catholic Party Paul de Smet de Naeyer
9%
1899-1907 Catholic Party Paul de Smet de Naeyer
9%
1884-1894 Catholic Party Auguste Beernaert
6%
1921-1925 Catholic Party Georges Theunis
6%
1934-1935 Catholic Party Georges Theunis
6%
1918 Catholic Party Gérard Cooreman
6%
1926-1931 Catholic Party Henri Jaspar
6%
1952-1954 Christian Social Party Jean Van Houtte
6%
1950-1952 Christian Social Party Joseph Pholien
6%
1870-1871 Catholic Party Jules d'Anethan
6%
1894-1896 Catholic Party Jules de Burlet
6%
1874-1878 Catholic Party Jules Malou
6%
1884 Catholic Party Jules Malou
6%
1931-1932 Catholic Party Jules Renkin
6%
1855-1857 Independent Pierre de Decker
6%
1965-1966 Christian Social Party Pierre Harmel
6%
1925-1926 Catholic Party Prosper Poullet
6%
1961-1965 Christian Social Party Théo Lefèvre
6%
1908-1911 Catholic Party Frans Schollaert
3%
1845-1846 Independent Sylvain Van de Weyer
3%
No matching quizzes found
Score Distribution
Percent of People with Each Score
Percentile by Number Answered
Your Score History
You have not taken this quiz